00871nam a2200253 a 4500001000400000003001000004005001700014008004100031020001500072040002500087080001600112090002600128100003300154245005700187250002700244260003400271300002000305500007600325650003000401650003200431942001200463952012900475999001300604482BR-CuiBMT20231107210223.0231107s2005 spb 000 0 por d a8502051393 aBR-CuiBMTcBR-CuiBMT 22007a347.7 a347.7bC672mc16. ed.1 aCoelho, Fábio Ulhoad1959- aManual de direito comercial /cFábio Ulhoa Coelho. a16. ed., rev. e atual. aSão Paulo:bSaraiva,c2005. a497 p. ;c21 cm aEdição revista e atualizada de acordo com a nova lei de falências 2Direito comercialzBrasil 2Sociedade comercialzBrasil 2udccLV 00102udc4070aBIBTCEMTbBIBTCEMTd2011-02-09l0o347.7 C672m 16. ed.pBIBTCEMT23110235r2023-11-07tEx. 1w2023-11-07yLV c482d482